000 00437nam a2200169Ia 4500
003 GCL
008 140319s9999 xx 000 0 eng d
040 _aGCL /
_cGCL
082 0 4 _a843
_bS M
100 1 _aSAND, GEORGE
245 1 0 _aLA MARE AU DIABLE: SUIVIE DE LA PETITE FDETTE /
_cSAND, GEORGE
260 _a[S.N] :
_bLAROUSSE ،
_c1989
300 _a316 P
650 0 4 _aLITERATURE
650 0 4 _aFRENCH LITERATURE
942 _2ddc
_cBK
999 _c24870
_d24870